| 000 | 00554nam a2200205Ia 4500 | ||
|---|---|---|---|
| 005 | 20241129110239.0 | ||
| 008 | 241129s9999||||xx |||||||||||||| ||und|| | ||
| 037 | _aTB | ||
| 040 |
_aARTS _beng _cARTS |
||
| 041 |
_aeng _2urd |
||
| 084 |
_aO168,3N231,G P4 _qARTS |
||
| 100 |
_aVerma Balraj Au. _9183816 |
||
| 245 | 0 |
_aGautam _cVerma Balraj Au. |
|
| 260 |
_aBihar, India _bBihar Urdu markaz _c2003 |
||
| 300 | _a203p. | ||
| 365 |
_aINR _b150 |
||
| 650 |
_aUrdu Fiction _93298 |
||
| 942 |
_cTB _hO168,3N231,G P4 |
||
| 999 |
_c1227875 _d1227875 |
||